Pays d'Afrique avec la même initiale que leur Capitale - Mort subite - Statistiques

Statistiques générales
  • Ce quiz a été pris 52 fois
    33 depuis la dernière actualisation
  • Le résultat moyen est 5 sur 6
Answers on the Grid
Answers color-coded by a green-red scale on the quiz's grid according to % correct below.
Algérie
Djibouti
Mozambique
Niger
Sao Tomé-et-Principe
Tunisie
Maroc
Somalie
Sénégal
Cameroun
Kenya
Angola
 
Statistiques - réponses
Réponse % Correct
Alger Algérie
97%
Tunis Tunisie
97%
Djibouti Djibouti
93%
Niamey Niger
86%
Sao Tomé Sao Tomé-et-Principe
86%
Maputo Mozambique
66%
Aucun quiz correspondant
Distribution des résultats
% des personnes avec chaque résultat
Percentile par nombre de réponses
Votre historique - résultats
Vous n’avez pas pris ce quiz depuis la dernière actualisation